নানা / (Record no. 49439)
[ view plain ]
| 000 -LEADER | |
|---|---|
| fixed length control field | 00897nam a2200241 a 4500 |
| 001 - CONTROL NUMBER | |
| control field | 49439 |
| 003 - CONTROL NUMBER IDENTIFIER | |
| rucl marc code | BD-RjUL |
| 005 - DATE AND TIME OF LATEST TRANSACTION | |
| control field | 20211209054700.0 |
| 008 - FIXED-LENGTH DATA ELEMENTS--GENERAL INFORMATION | |
| fixed length control field | 160820s1955 bg ||||| |||| 00| f ben d |
| 020 ## - INTERNATIONAL STANDARD BOOK NUMBER | |
| Terms of availability | : Tk. 2.50 |
| 035 ## - SYSTEM CONTROL NUMBER | |
| System control number | (BD-RjUL)49558 |
| 040 ## - CATALOGING SOURCE | |
| Original cataloging agency | BD-RjUL |
| Language of cataloging | ben |
| Transcribing agency | BD-RjUL |
| 041 ## - LANGUAGE CODE | |
| Language code of text/sound track or separate title | ben |
| 082 ## - DEWEY DECIMAL CLASSIFICATION NUMBER | |
| Edition number | 23 |
| Classification number | 843 |
| Author mark and year | JON 1955 |
| 100 ## - MAIN ENTRY--PERSONAL NAME | |
| Personal name | জোলা, এমিল |
| 9 (RLIN) | 146734 |
| 245 10 - TITLE STATEMENT | |
| Title | নানা / |
| Statement of responsibility, etc. | এমিল জোলা ; অনুবাদ : সুরাইয়া চৌধুরী |
| 260 ## - PUBLICATION, DISTRIBUTION, ETC. (IMPRINT) | |
| Place of publication, distribution, etc. | চট্টগ্রাম : |
| Name of publisher, distributor, etc. | সৈয়দ আহমদ শফি, |
| Date of publication, distribution, etc. | ১৯৫৫ (১৩৬২) |
| 300 ## - PHYSICAL DESCRIPTION | |
| Pagination | ১৫৫ পৃ. ; |
| Size | ১৫ সেমি. |
| 650 ## - SUBJECT ADDED ENTRY--TOPICAL TERM | |
| Topical term or geographic name as entry element | ফরাসি উপন্যাস |
| 9 (RLIN) | 146691 |
| Topical term or geographic name as entry element | French Fiction |
| 9 (RLIN) | 122841 |
| 700 ## - ADDED ENTRY--PERSONAL NAME | |
| Personal name | চৌধুরী, সুরাইয়্ অনুবাদক |
| 942 ## - ADDED ENTRY ELEMENTS (KOHA) | |
| Source of classification or shelving scheme | Dewey Decimal Classification |
| Koha item type | Books |
| Lost status | Source of classification or shelving scheme | Damaged status | Not for loan | Collection code | Permanent Location | Current Location | Shelving location | Date acquired | Source of acquisition | Cost, normal purchase price | Total Checkouts | Full call number | Date last seen | Copy number | Koha item type |
|---|---|---|---|---|---|---|---|---|---|---|---|---|---|---|---|
| Dewey Decimal Classification | Fiction | Central Library, University of Rajshahi | Central Library, University of Rajshahi | 26/07/1957 | Nawroge | 2.80 | B 843 JON 1955 | 20/08/2016 | C-2 | Books |